| 000 | 00834nam a2200229Ia 4500 | ||
|---|---|---|---|
| 005 | 20250108124836.0 | ||
| 008 | 008 250107s9999 xx 000 0 hin d | ||
| 020 | _a978-81-85787-54-1 | ||
| 037 | _aTB | ||
| 040 |
_aCRL _bhin _cCRL |
||
| 041 |
_ahin _2hin |
||
| 084 | _aO152,6x P6 | ||
| 084 | _qCRL | ||
| 100 | _aअरविन्द कुमार, संपा. | ||
| 245 | 0 |
_aबनारसी दास भोजपुरी रचनावली _cअरविन्द कुमार, संपा. |
|
| 260 |
_aदिल्ली, भारत _bअभिधा प्रकाशन _c2401 |
||
| 365 |
_aINR _b160 |
||
| 490 | _vखण्ड 1 | ||
| 650 |
_aहिन्दी कविताहिन्दी साहित्य _9729733 |
||
| 942 |
_cTB _hO152,6x P6 |
||
| 999 |
_c1234789 _d1234789 |
||